Obálka Náhled e-knihy:
PDF
Pro půjčování e-knih musíte být přihlášeni.
Jak si půjčit online?

Elektra /

Elektra je športové drevo! Má smolu, pretože mama ju núti skúšať všetky možné športy: volejbal, tenis, lukostreľbu… Elektra zažíva jeden trapas za druhým. Keď sa však jedného dňa ocitne na baletnom predstavení, všetko sa náhle zmení. Elektra totiž v hĺbke duše už vie, čomu sa chce venovať. Musí len...

Celý popis

Uloženo v:
Hlavní autor: Freschi, Brian (Autor)
Médium: E-kniha
Jazyk:Czech
Vydáno: Praha : Albatros Media Slovakia s.r.o., 2025
Tagy:
Žádné tagy
LEADER 01282nam a22002297i 4500
001 302761
007 ta
008 260514s2025 xr ||||| |||| 00| 0 cze d
020 |a 9788056644133 
044 |a xr 
100 1 |a  Freschi, Brian  |4 aut 
245 1 0 |a Elektra /  |c  Freschi, Brian 
240 1 0 |a Elettra 
264 1 |a Praha :  |b Albatros Media Slovakia s.r.o.,  |c 2025 
300 |a 1 online zdroj (176 stran) 
336 |a text  |b txt  |2 rdacontent 
337 |a bez média  |b n  |2 rdamedia 
338 |a online zdroj  |b cr  |2 rdacarrier 
520 2 |a Elektra je športové drevo! Má smolu, pretože mama ju núti skúšať všetky možné športy: volejbal, tenis, lukostreľbu… Elektra zažíva jeden trapas za druhým. Keď sa však jedného dňa ocitne na baletnom predstavení, všetko sa náhle zmení. Elektra totiž v hĺbke duše už vie, čomu sa chce venovať. Musí len nájsť odvahu ísť za svojím snom. 
910 |a RBIT002 
998 |d 427019  |a https://core.palmknihy.cz/api/books/427019/cover?tesrld  |b https://core.palmknihy.cz/api/books/427019/cover/400?tesrld  |c https://core.palmknihy.cz/api/books/427019/cover/50?tesrld  |e 2029-01-22  |g 176  |i 9788056644133  |k https://core.palmknihy.cz/api/books/427019/preview.pdf  |l   |q 49  |r 1  |s https://www.palmknihy.cz/kniha/427019  |t ebook  |y 2025  |z 1 
999 |d 302759